000 00748cam a22002412 4500
001 0000000245
005 20151021151042.0
008 070117s xx 000 0 eng d
020 _a0826454607 :
_cKES 931
040 _aKABU
_cKABU
050 0 _aQA76
_b.F74 1996
100 1 _aFrench, C. S.
_@0000159884
245 1 0 _aComputer science /
_cC. S. French.
250 _a5th ed.
260 _aLondon :
_bThomson Learning,
_c1996.
300 _avii, 506 p.
650 0 _aComputer science.
_@0000058480
908 _a070117
950 _@1
999 _c108
_d108